000 00553nam a2200217Ia 4500
003 OSt
005 20220928140718.0
006 a|||||r|||| 00| 0
007 ta
008 220927b |||||||| |||| 00| 0 eng d
024 _a11271
037 _cTextual
040 _aSDCL
_cSDCL
_beng
041 _2eng
_aeng
082 _aX:8g, N5
100 _aCrainer Stuart Ed.
_9497197
245 0 _aFinancial times
_b Handbok of management
260 _c1995
942 _hX:8g, N5
_cTEXL
_2CC
999 _c813715
_d813715